Ανυποψίαστοι ανθρωπολόγοι, καχύποπτοι φοιτητές : διδάσκοντας ανθρωπολογία σ'αυτούς που "δεν τη χρειάζονται"
Saved in:
| Other Authors: | , , |
|---|---|
| Format: | Book |
| Language: | Greek |
| Published: |
Αθήνα :
Κριτική,
[2010].
|
| Series: | Επιστημονική βιβλιοθήκη (Κριτική)
|
| Subjects: | |
| Tags: |
Add Tag
No Tags, Be the first to tag this record!
|
MARC
| LEADER | 00000cam a2200000 i 4500 | ||
|---|---|---|---|
| 001 | 1/18000 | ||
| 008 | 120221s2010 gr | ||| |||| ||gre|| | ||
| 020 | |a 9789602187012 | ||
| 035 | |l 10111916 | ||
| 040 | |a GR-MY-UA |b gre |e aacr | ||
| 041 | 0 | |a gre | |
| 082 | 7 | |a 306.09495 |2 (22) | |
| 245 | 1 | 0 | |a Ανυποψίαστοι ανθρωπολόγοι, καχύποπτοι φοιτητές : |b διδάσκοντας ανθρωπολογία σ'αυτούς που "δεν τη χρειάζονται" / |c επιμέλεια: Βασίλης Δαλκαβούκης, Ιωάννης Μάνος, Χριστίνα Βέικου. |
| 260 | |a Αθήνα : |b Κριτική, |c [2010]. | ||
| 300 | |a 419 σ. ; |c 24 εκ. | ||
| 490 | 1 | |a (Επιστημονική βιβλιοθήκη / Κριτική) | |
| 504 | |a Περιλαμβάνει βιβλιογραφικές παραπομπές. | ||
| 504 | |a Ευρετήριο: σ.[541]-555. | ||
| 650 | 0 | 0 | |a Anthropology |x Study and teaching. |
| 650 | 0 | 0 | |a Anthropology |z Greece. |
| 700 | 1 | |a Δαλκαβούκης, Βασίλειος Κ. |e edt | |
| 700 | 1 | |a Βέικου, Χριστίνα, |e edtf | |
| 700 | 1 | |a Μάνος, Ιωάννης, |e edt | |
| 830 | 0 | |a Επιστημονική βιβλιοθήκη (Κριτική) | |
| 852 | |a INST |b LESVOS |e 20120221 |h 306.09495 ΑΝΥ |p 005100050748 |q 005100050748 |t BK |y 0 | ||
| 852 | |a INST |b LESVOS |e 20221220 |h 306.09495 ΑΝΥ |p 005100064023 |q 005100064023 |t BK |y 0 | ||
| 852 | |a INST |b RHODES |c EUDOXUS |e 20180129 |h 306.09495 ΑΝΥ |p 005400039825 |q 005400039825 |t EDX |y 0 | ||
| 901 | |a BIBL1-2012-1 | ||
| 909 | |a Λ |b 173398 | ||
| 920 | |a Εύδοξος |b Παραγγελία |y Ρόδος-ΠΤΔΕ |z 2018-01 | ||
| 970 | |a ΤΖΑΦΕΡΗ |b ΕΥΑΓΓΕΛΙΑ |z 2012/02/21 | ||